| 000 | 00509nam a22001817a 4500 | ||
|---|---|---|---|
| 003 | CEME | ||
| 005 | 20210628204010.0 | ||
| 008 | 210113b xxu||||| |||| 00| 0 eng d | ||
| 020 | _a1860642578 | ||
| 040 | _cceme | ||
| 082 | _a297 AHM | ||
| 100 |
_aAkbar S. Ahmed _968193 |
||
| 245 | _aIslam today , a short introduction to the muslim world | ||
| 260 |
_aLONDON _bI.B TAURIS _c2001 |
||
| 300 | _aX, 253P | ||
| 650 |
_aISLAM TODAY.INTRODUCTION TO THE MUSLIM WORLD.WHAI IS ISLAM. _968194 |
||
| 942 |
_cBK _2ddc |
||
| 999 |
_c575815 _d575815 |
||